| 000 | 00855nam a22002057a 4500 | ||
|---|---|---|---|
| 999 |
_c17061 _d17061 |
||
| 003 | AR-CdUCM | ||
| 008 | 190507b ||||| |||| 00| 0 spa d | ||
| 040 |
_aMUNICIPALIDAD PROVINCIAL DEL CUSCO _cBIBLIOTECA MUNICIPAL DEL CUSCO |
||
| 082 |
_22ed. _a301 / _bM43 |
||
| 100 |
_aMerton, Robert K. _936882 |
||
| 245 | _aTeoría y estructura sociales / | ||
| 260 |
_aMéxico : _bFondo de Cultura Económica, _c1965. |
||
| 300 |
_a647 páginas ; _c24 cm. |
||
| 440 |
_aSección de obras de sociología ; _936883 |
||
| 505 | _aContenido: Teoría sociológica -- Estudios sobre estructura social y cultural -- La sociología del conocimiento y las comunicaciones para las masas -- Estudios sobre sociología de la ciencia. | ||
| 650 |
_aSociología _9276 |
||
| 700 |
_aTorner, Florentino M. (traductor) _916806 |
||
| 942 |
_2ddc _cLIBROS |
||
| 945 |
_aacv _d2019-05-07 |
||